Central Library OPAC University of Rajshahi

Electrophoresis : (Record no. 69531)

MARC details
000 -LEADER
fixed length control field 00901nam a2200277 a 4500
001 - CONTROL NUMBER
control field 69531
003 - CONTROL NUMBER IDENTIFIER
rucl marc code BD-RjUL
005 - DATE AND TIME OF LATEST TRANSACTION
control field 20211209081911.0
008 - FIXED-LENGTH DATA ELEMENTS--GENERAL INFORMATION
fixed length control field 170412s1986 enka b 001 0 eng
020 ## - INTERNATIONAL STANDARD BOOK NUMBER
International Standard Book Number 0198546335 :
International Standard Book Number 0198546327 (pbk.) :
035 ## - SYSTEM CONTROL NUMBER
System control number (BD-RjUL)69743
040 ## - CATALOGING SOURCE
Original cataloging agency DLC
Transcribing agency DLC
Modifying agency DLC
-- BD-RjUL
Language of cataloging eng
041 ## - LANGUAGE CODE
Language code of text/sound track or separate title eng
082 00 - DEWEY DECIMAL CLASSIFICATION NUMBER
Classification number 543.0871
Edition number 23
Author mark and year ANE 1986
100 1# - MAIN ENTRY--PERSONAL NAME
Personal name Andrews, Anthony T.
9 (RLIN) 113354
245 10 - TITLE STATEMENT
Title Electrophoresis :
Remainder of title theory, techniques, and biochemical and clinical applications /
Statement of responsibility, etc. Anthony T. Andrews.
250 ## - EDITION STATEMENT
Edition statement 2nd ed.
260 ## - PUBLICATION, DISTRIBUTION, ETC. (IMPRINT)
Place of publication, distribution, etc. Oxford [Oxfordshire] :
Name of publisher, distributor, etc. Clarenden Press ;
Place of publication, distribution, etc. New York :
Name of publisher, distributor, etc. Oxford University Press,
Date of publication, distribution, etc. 1986.
300 ## - PHYSICAL DESCRIPTION
Pagination xv, 452 p. :
Illustrations ill. ;
Size 24 cm.
490 ## - SERIES STATEMENT
Series statement Monographs on physical biochemistry
500 ## - GENERAL NOTE
General note Includes index.
504 ## - BIBLIOGRAPHY, ETC. NOTE
Bibliography, etc Bibliography: p. [409]-437.
650 #0 - SUBJECT ADDED ENTRY--TOPICAL TERM
Topical term or geographic name as entry element Electrophoresis.
9 (RLIN) 113356
942 ## - ADDED ENTRY ELEMENTS (KOHA)
Source of classification or shelving scheme Dewey Decimal Classification
Koha item type Books
Holdings
Lost status Source of classification or shelving scheme Damaged status Not for loan Collection code Permanent Location Current Location Shelving location Date acquired Source of acquisition Cost, normal purchase price Total Checkouts Full call number Date last seen Copy number Koha item type
  Dewey Decimal Classification   Not For Loan Non-fiction Central Library, University of Rajshahi Central Library, University of Rajshahi Reading Room 14/08/1994 Aligor library, Rajshahi 27.50   543.0871 ANE 1986 12/04/2017 C-1 Books
  Dewey Decimal Classification     Non-fiction Central Library, University of Rajshahi Central Library, University of Rajshahi   14/08/1994 Aligor library, Rajshahi 27.50   543.0871 ANE 1986 13/05/2017 C-2 Books